Score 0/44 Timer 06:00
1 Play Today
Hint 4-Letter Word % Correct
The Beatles or The Rolling Stones, e.g.BAND
90.8%
Richard Nixon: Tricky ___DICK
90%
✯ What you would do with a Marvel comic ✯READ
89.6%
QuackerDUCK
88.2%
✯ Mr Fantastic can do this fantastically ✯BEND
85.1%
Bird of peaceDOVE
84.1%
Driving locationROAD
83.8%
Pinocchio is this type of boyREAL
83.8%
✯ Angry superhero ✯HULK
83.7%
Darkened fontBOLD
83.5%
EntrywayDOOR
83.4%
ImpoverishedPOOR
82.5%
'___! The Herald Angels Sing'HARK
82.3%
InformedTOLD
81.9%
River featureBANK
81.4%
✯ Beastly X-Men member, ____ McCoy ✯HANK
81.4%
✯ Amphibious X-Men villain ✯TOAD
80.8%
✯ S.H.I.E.L.D spy, Fury ✯NICK
80.7%
Stud or manly manHUNK
80.2%
Sweat measurementBEAD
78.9%
Division of a highwayLANE
78.6%
✯ Mary ____, Parker's love interest ✯JANE
78.5%
Hint 4-Letter Word % Correct
✯ Bow and arrow wielder ____Eye ✯HAWK
76.2%
✯ Part 2 of Wade Wilson's alter ego ✯POOL
75.9%
✯ Part 1 of Wade Wilson's alter ego ✯DEAD
75.4%
Banana marketerDOLE
73.8%
TradeDEAL
73.7%
VotePOLL
73.3%
✯ Dr. Strange Sanctuary, North ____POLE
72.9%
Main partBULK
72.9%
✯ ____ Chisholm, Trick Shot ✯BUCK
71.4%
A shade of greenJADE
70%
PossessHAVE
69.5%
FashionedMADE
66.1%
✯ Fantastic 4 villain Victor ✯DOOM
65.6%
✯ Mistress ____, abstract cosmic being ✯LOVE
61.8%
✯ Squadron Supreme member, Lady ____LARK
61.2%
Long, limp and straightLANK
61.1%
A friendMATE
60.9%
✯ Ruler of the Inhumans - Black ____BOLT
58.4%
CleanseLAVE
57.8%
✯ Comic book Onomatopoeia ✯BOOM
56.7%
✯ Master ____, abstract cosmic being ✯HATE
53.6%
Kick violentlyBOOT
52.2%

Today's Daily Dose

Remove Ads.
Support Sporcle.
Get the best of Sporcle when you Go Orange. This ad-free experience offers more features, more stats, and more fun while also helping to support Sporcle. Thank you for becoming a member.

You're not logged in!

Compare scores with friends on all Sporcle quizzes.
OR
Log In

Show Comments

Extras

Top Quizzes Today


Score Distribution

Your Account Isn't Verified!

In order to create a playlist on Sporcle, you need to verify the email address you used during registration. Go to your Sporcle Settings to finish the process.

Report this User

Report this user for behavior that violates our Community Guidelines.

Details: